000 00615nam a22001097a 4500
008 190704b xxu||||| |||| 00| 0 eng d
010 _aCACAF:47
245 _aCOURT OF APPEAL CRIMINAL APPEAL NO. 150 OF 2010 SSENDYOSE JOSEPH VS UGANDA
260 _aCOURT OF APPEAL KAMPALA
_c2013
500 _aCORAM: HON. JUSTICE REMMY KASUL, JA HON. JUSTICE RUBBY OPIO AWERI, JA HON. JUSTICE KENNETH KAKURU, JA
500 _a(APPEAL FROM THE CONVICTION AND SENTENCE OF HIS LORDSHIP MOSES MUKIIBI, J AT THE HIGH COURT OF UGANDA AT MASAKA DATED 30TH JULY, 2010: CRIMINAL SESSION CASE NO. 120 OF 2005)
999 _c8672
_d8672